000 00367nam a22001217a 4500
999 _c1256
_d1256
005 20200826155125.0
008 200826b ||||| |||| 00| 0 eng d
020 _a0333333888
040 _cCML
245 _aUsing Readers in Language Teaching.
_cHedge, T.
260 _aLondon
_bMacmilan Publishing Ltd
_c1985
942 _2ddc
_cBK
_e1st Edition
_h428
_mHED